Fantastic worlds : myths, tales, and stories /

Bibliographic Details
Other Authors: Rabkin, Eric S.
Format: Book
Language:English
Published: New York : Oxford University Press, 1979.
Subjects:

MARC

Tag First Indicator Second Indicator Subfields
LEADER 00000pam a2200000 i 4500
001 in00000043559
005 20151007072910.0
008 780914s1979 nyu b 00100 eng
010 |a  78011482  
020 |a 0195025423 
020 |a 0195025415 (pbk.) 
035 |a (OCoLC)04498297 
035 |9 AAE8762AM 
040 |a DLC  |c DLC  |d TXA  |d UtOrBLW 
049 |a TXAM [Also in] [Sp Coll]  |c 1 [1115197]  |a TXAS  |c 2 [1101255] 
050 0 0 |a PN6071.F25  |b F34 
082 0 |a 808.83/876 
245 0 0 |a Fantastic worlds :  |b myths, tales, and stories /  |c edited and with commentaries by Eric S. Rabkin. 
264 1 |a New York :  |b Oxford University Press,  |c 1979. 
300 |a xvii, 478 pages ;  |c 22 cm. 
336 |a text  |b txt  |2 rdacontent 
337 |a unmediated  |b n  |2 rdamedia 
338 |a volume  |b nc  |2 rdacarrier 
500 |a Includes index. 
504 |a Bibliography: pages [463]-437. 
650 0 |a Fantasy literature. 
700 1 |a Rabkin, Eric S. 
999 |a MARS 
999 f f |s c54488f9-41c0-3679-993e-7a05a3da729e  |i f49ff4ff-d12f-3b4f-91a5-113ec6c49068  |t 0 
952 f f |p ric  |a Texas A&M University  |b Rellis Campus  |c Joint Library Facility  |d Remote Storage  |t 0  |e PN6071.F25 F34  |h Library of Congress classification  |i unmediated -- volume  |m A14803734443 
952 f f |p noncirc  |a Texas A&M University  |b College Station  |c Cushing Memorial Library & Archives  |d Cushing: Science Fiction (Does not check out)  |t 0  |e PN6071.F25 F34  |h Library of Congress classification  |i unmediated -- volume  |m A14800385562 
998 f f |a PN6071.F25 F34  |t 0  |l Remote Storage 
998 f f |a PN6071.F25 F34  |t 0  |l Cushing: Science Fiction (Does not check out)